| 000 | 02901njm a2200397 c 4500 | ||
|---|---|---|---|
| 001 | |||
| 003 | DO-SdBNP | ||
| 005 | 20240312073634.0 | ||
| 008 | 160127s 1997 mx d spa | ||
| 015 | _a | ||
| 017 |
_a _b |
||
| 020 | _a9681649109 | ||
| 035 | _a | ||
| 040 |
_aBPMSU _bspa _cBPMSU _e |
||
| 082 | 4 |
_a972.45 _bG216g 1997 _222 |
|
| 084 |
_a _2 |
||
| 100 | 1 |
_aGarcía Ugarte, Marta Eugenia, _d1944- _4 |
|
| 240 | 1 | 0 |
_a _n _r |
| 245 | 1 | 0 |
_aGénesis del porvenir : _bsociedad y política en Querétaro (1913-1940) / _cMarta Eugenia García Ugarte ; prólogo de David A. Brading. |
| 260 |
_aMéxico : _bFondo de Cultura Econonómica, _c1997 |
||
| 300 |
_a516 p. : _bils., mapas _c23 cm. _e |
||
| 490 | 0 | _aSección de obras de historia | |
| 500 | _a Incluye bibliografías e índice. | ||
| 504 | _a | ||
| 505 | 0 | _a Defensa de la paz en tiempos de guerra. Promesas del porvenir: entre la tradición y el cambio revolucionario. Consecuencias del Plan de Agua Prieta. Disidencia obregonista: descrédito del régimen revolucionario. Etapa de intransigencias: disputa por el espacio social. El gobernador Saturnino Osornio y sus organizados. Consideraciones finales. | |
| 520 | _aMéxico ejerció un atractivo singular, hecho de fascinación y terror, sobre varios escritores anglosajones notables del siglo XX. Pero sólo en Malcolm Lowry la mezcla de la vida y la obra alcanza abismos en verdad infernales, volcánicos, como hay tantos en la geografía mexicana. Los devotos lectores de Bajo el volcán (1947) -sin exageración, una de las cumbres literarias del siglo XX- supieron siempre que aquella novela magistral escondía claves personales que pedían una biografía definitiva que las revelara. Nadie mejor que Gordon Bowker para escribirla. Biógrafo de Orwell y Durrell y compilador editorial de Lowry, Bowker explora con detalle acucioso, a partir de fuentes y testimonios hasta ahora desconocidos, y con una sensibilidad a un tiempo cuidadosa y descarnada, el laberinto existencial de Lowry: el insensato suicidio al que orilló a un amigo de la juventud y la estela de culpa; el alcoholismo agresivo; sus dos matrimonios; la pérdida de sus manuscritos; el incendio de su casa; su tránsito por ciudades, prisiones, cantinas y sanatorios; su torturada relación con médicos, editores, familiares, doctores; su misteriosa muerte. | ||
| 534 |
_pTítulo original : _tPersued by furies. A life of Malcolm Lowry |
||
| 590 | _aInventariado, 2024/VM | ||
| 651 | 4 |
_aQuerétaro (México) _y913-1940. _xHistoria |
|
| 651 | 4 |
_aQuerétaro (México) _y1910-1946. _xPolítica y gobierno |
|
| 651 | 4 |
_aQuerétaro (México) _y1910-1946. _xCondiciones sociales |
|
| 651 | 4 |
_aQuerétaro (México) _y1910-1946. _xCondiciones económicas |
|
| 700 | 1 |
_a Brading, David A. _epról. _d _t _m _n _r |
|
| 910 | _aVMateo V. Control de calidad. BPMSU | ||
| 942 |
_2ddc _cBK |
||
| 999 |
_c14583 _d14583 |
||